Statistics for World of Warcraft: Class Specialisations

Click here to take the quiz!

General Stats

  • This quiz has been taken 18 times
  • The average score is 29 of 36

Answer Stats

Answer% Correct
Arcane
100%
Arms
100%
Beast Master
100%
Fire
100%
Frost
100%
Frost
100%
Holy
100%
Holy
100%
Blood
93%
Elemental
93%
Fury
93%
Protection
93%
Protection
93%
Shadow
93%
Unholy
93%
Demonology
86%
Destruction
86%
Retribution
86%
Survival
86%
Assassination
79%
Balance
79%
Feral
79%
Marksmanship
79%
Affliction
71%
Discipline
71%
Restoration
71%
Restoration
71%
Brewmaster
64%
Mistweaver
64%
Enhancement
57%
Guardian
57%
Outlaw
57%
Havoc
50%
Vengeance
50%
Windwalker
50%
Subtletly
7%

Score Distribution

Percentile by Number Answered

Percent of People with Each Score

Your Score History

You have not taken this quiz